Reading and writing acquisition : a developmental neuropsycological perpective
Αποθηκεύτηκε σε:
| Κύριος συγγραφέας: | |
|---|---|
| Μορφή: | Βιβλίο |
| Γλώσσα: | English |
| Δημοσίευση: |
Colorado :
Westview Press,
1996
|
| Σειρά: | Developmental psychology series
|
| Θέματα: | |
| Ετικέτες: |
Προσθήκη ετικέτας
Δεν υπάρχουν, Καταχωρήστε ετικέτα πρώτοι!
|
MARC
| LEADER | 00000nam a2200000 i 4500 | ||
|---|---|---|---|
| 001 | 1/99048 | ||
| 008 | 000126s1996 eng d | ||
| 020 | |a 0-8133-3000-9 | ||
| 035 | |l 10056735 | ||
| 040 | |a GR-MY-UA |b gre |e aacr | ||
| 041 | 0 | |a eng | |
| 082 | 0 | |a 418.4019 |2 (20) | |
| 100 | 1 | |a Berninger, Virginia Wise. | |
| 245 | 1 | 0 | |a Reading and writing acquisition : |b a developmental neuropsycological perpective / |c Virginia Wise Berninger |
| 260 | |a Colorado : |b Westview Press, |c 1996 | ||
| 300 | |a 223p. | ||
| 490 | 1 | |a Developmental psychology series | |
| 500 | |a Originally published: Madison, Wis. : Brown & Benchmark Publishers, c1994 | ||
| 504 | |a Includes bibliographical references and index | ||
| 650 | 0 | 0 | |a Reading, Psychology of. |
| 650 | 0 | 0 | |a Writing |x Psychological aspects. |
| 650 | 0 | 0 | |a Neuropsychology. |
| 650 | 0 | 0 | |a Learning, Psychology of. |
| 830 | 0 | |a Developmental psychology series | |
| 852 | |a INST |b RHODES |e 20000126 |h 418.4019 BER |p 005400012503 |q 005400012503 |t BK |y 0 | ||
| 901 | |a BIBL4-2000-1 | ||
| 909 | |a Ρ |b 068911 | ||
| 922 | |a 4ΕΛΗ |b 199909 |c ΚΠΣ/154 |d GLORY BOOKS | ||
| 970 | |z 2000/01/26 | ||